header

Sociology of giving (Record no. 89019)

MARC details
000 -LEADER
fixed length control field 01698nam a2200421 a 4500
100 1# - MAIN ENTRY--AUTHOR NAME
Personal name Berking, Helmuth.
245 10 - TITLE STATEMENT
Title Sociology of giving
260 ## - PUBLICATION, DISTRIBUTION, ETC. (IMPRINT)
Place of publication London ;
-- Thousand Oaks, Calif. :
Name of publisher Sage Publications Ltd.,
Year of publication 1999.
300 ## - PHYSICAL DESCRIPTION
Number of Pages x, 165 p.
490 1# - SERIES STATEMENT
Series statement Theory, culture & society
505 0# - FORMATTED CONTENTS NOTE
Formatted contents note pt. 1. The phenomenology of gift-giving -- pt. 2. Towards an anthropology of giving -- pt. 3. Transitions -- pt. 4. Morality and society.
650 #0 - SUBJECT ADDED ENTRY--TOPICAL TERM
Topical Term Gifts
Topical Term Generosity
Topical Term Self-interest.
Topical Term Generosity
700 1# - ADDED ENTRY--PERSONAL NAME
Personal name Camiller, Patrick.
856 40 - ELECTRONIC LOCATION AND ACCESS
Uniform Resource Identifier http://site.ebrary.com/lib/rucke/Doc?id=10392741

No items available.

© 2026 Rongo University
Contact us: librarian | system librarian | Rongo university